000 01113nam a2200301 u 4500
001 000025453
005 20200930023811.0
008 110216s1980 sp a r 000 0 spa d
020 _a8426411274
040 _aDO-SdBNP
_bspa
_cBNPHU
082 _a823.912
_bW913B, 1980
100 1 _aBell, Quentin.
_952066
240 1 0 _aVirginia Woolf : a biography
_lEspañol
245 1 0 _aVirginia woolf /
_cQuentin Bell ; traducción de Marta Pessarrodona.
250 _a2a ed.
260 _aBarcelona :
_bLumen,
_c1980.
300 _a333 p. :
_bil. ;
_c20 cm.
490 1 _aPalabra en el tiempo
_v127
534 _aTítulo original :
_tVirginia woolf : a biography
500 _aIncluye referencias bibliográficas y notas al pie de las páginas.
505 0 _gV. 1.
_tVerginia Stephen (1882-1912) --
_gv.2.
_tMrs. Woolf (1912-1941).
600 1 4 _aWOOLF, VIRGINIA,
_d1882-1941
_941806
650 4 _aNovelistas ingleses
_ySIGO XX
_xBiografías
_952067
700 1 2 _aPessarrodona, Marta,
_etr.
_96185
830 0 _aPalabra en el tiempo.
_pNovela.
_n127
_952068
910 _aValidado. Control de calidad MFF
049 _aBNGR
999 _c24945
_d24945